<?xml version="1.0" encoding="UTF-8"?>
<record
    xmlns:xsi="http://www.w3.org/2001/XMLSchema-instance"
    xsi:schemaLocation="http://www.loc.gov/MARC21/slim http://www.loc.gov/standards/marcxml/schema/MARC21slim.xsd"
    xmlns="http://www.loc.gov/MARC21/slim">

  <leader>01480nam a2200301u  4500</leader>
  <controlfield tag="005">00000000000000.0</controlfield>
  <controlfield tag="008">810522s1962    nyua   j      000 0 eng  </controlfield>
  <datafield tag="010" ind1=" " ind2=" ">
    <subfield code="a">B-345560-562</subfield>
  </datafield>
  <datafield tag="020" ind1=" " ind2=" ">
    <subfield code="a">9780746062289</subfield>
    <subfield code="c">65.00</subfield>
  </datafield>
  <datafield tag="035" ind1=" " ind2=" ">
    <subfield code="a">B-345560-562</subfield>
  </datafield>
  <datafield tag="037" ind1=" " ind2=" ">
    <subfield code="b">Tarun Books</subfield>
  </datafield>
  <datafield tag="040" ind1=" " ind2=" ">
    <subfield code="a">dpl</subfield>
    <subfield code="b">English </subfield>
  </datafield>
  <datafield tag="082" ind1=" " ind2=" ">
    <subfield code="a">S</subfield>
  </datafield>
  <datafield tag="100" ind1=" " ind2=" ">
    <subfield code="a">Fischel, Emma </subfield>
  </datafield>
  <datafield tag="245" ind1=" " ind2=" ">
    <subfield code="a">The midnight ghosts /</subfield>
    <subfield code="c">by Emma Fischel; edited by Katie Daynes illustrated by Adrienne Kern; adapted by Jane Bingham </subfield>
  </datafield>
  <datafield tag="260" ind1=" " ind2=" ">
    <subfield code="a">London</subfield>
    <subfield code="b">Usborne Publishing </subfield>
    <subfield code="c">2005</subfield>
  </datafield>
  <datafield tag="270" ind1=" " ind2=" ">
    <subfield code="a">Usborne House, 83-85 Saffron Hill, </subfield>
    <subfield code="b">London </subfield>
  </datafield>
  <datafield tag="300" ind1=" " ind2=" ">
    <subfield code="a">64p. </subfield>
    <subfield code="b">ill.</subfield>
    <subfield code="c">20cm (pbk)</subfield>
  </datafield>
  <datafield tag="490" ind1=" " ind2=" ">
    <subfield code="a">Usborne young reading; edited by Lesley Sims</subfield>
    <subfield code="v">series two</subfield>
  </datafield>
  <datafield tag="700" ind1=" " ind2=" ">
    <subfield code="a">Daynes, Katie </subfield>
  </datafield>
  <datafield tag="700" ind1=" " ind2=" ">
    <subfield code="a">Kern, Adrienne </subfield>
  </datafield>
  <datafield tag="700" ind1=" " ind2=" ">
    <subfield code="a">Bingham, Jane </subfield>
  </datafield>
  <datafield tag="942" ind1=" " ind2=" ">
    <subfield code="2">ddc</subfield>
    <subfield code="c">CH</subfield>
    <subfield code="h">S</subfield>
    <subfield code="m">FIS</subfield>
  </datafield>
  <datafield tag="999" ind1=" " ind2=" ">
    <subfield code="c">21654</subfield>
    <subfield code="d">21654</subfield>
  </datafield>
  <datafield tag="952" ind1=" " ind2=" ">
    <subfield code="0">0</subfield>
    <subfield code="1">5</subfield>
    <subfield code="2">ddc</subfield>
    <subfield code="4">0</subfield>
    <subfield code="7">0</subfield>
    <subfield code="8">FIC</subfield>
    <subfield code="a">L</subfield>
    <subfield code="b">L</subfield>
    <subfield code="d">2009-01-20</subfield>
    <subfield code="e">Tarun Books/3947/21.5.09/13/23.4.09/4.7.09</subfield>
    <subfield code="g">65.00</subfield>
    <subfield code="l">0</subfield>
    <subfield code="o">S FIS</subfield>
    <subfield code="p">B-345560</subfield>
    <subfield code="r">2009-01-20 00:00:00</subfield>
    <subfield code="t">1</subfield>
    <subfield code="v">65.00</subfield>
    <subfield code="y">CH</subfield>
  </datafield>
  <datafield tag="952" ind1=" " ind2=" ">
    <subfield code="0">0</subfield>
    <subfield code="1">0</subfield>
    <subfield code="2">ddc</subfield>
    <subfield code="4">0</subfield>
    <subfield code="7">0</subfield>
    <subfield code="8">FIC</subfield>
    <subfield code="a">JB</subfield>
    <subfield code="b">JB</subfield>
    <subfield code="d">2009-10-21</subfield>
    <subfield code="e">Tarun Books/3947/21.5.09/13/23.4.09/4.7.09</subfield>
    <subfield code="g">65.00</subfield>
    <subfield code="l">0</subfield>
    <subfield code="o">S FIS</subfield>
    <subfield code="p">B-345561</subfield>
    <subfield code="r">2009-10-21 00:00:00</subfield>
    <subfield code="t">1</subfield>
    <subfield code="v">65.00</subfield>
    <subfield code="w">2009-10-21</subfield>
    <subfield code="y">CH</subfield>
  </datafield>
  <datafield tag="952" ind1=" " ind2=" ">
    <subfield code="0">0</subfield>
    <subfield code="1">0</subfield>
    <subfield code="2">ddc</subfield>
    <subfield code="4">0</subfield>
    <subfield code="7">0</subfield>
    <subfield code="8">FIC</subfield>
    <subfield code="a">VP</subfield>
    <subfield code="b">VP</subfield>
    <subfield code="d">2009-10-21</subfield>
    <subfield code="e">Tarun Books/3947/21.5.09/13/23.4.09/4.7.09</subfield>
    <subfield code="g">65.00</subfield>
    <subfield code="l">6</subfield>
    <subfield code="o">S FIS</subfield>
    <subfield code="p">B-345562</subfield>
    <subfield code="r">2024-08-21 00:00:00</subfield>
    <subfield code="s">2024-08-06</subfield>
    <subfield code="t">1</subfield>
    <subfield code="v">65.00</subfield>
    <subfield code="w">2009-10-21</subfield>
    <subfield code="y">CH</subfield>
  </datafield>
</record>
